|
|
|
|
| LEADER |
00000cam a2200000 a 4500 |
| 001 |
026726 |
| 003 |
UAHC_CL |
| 005 |
20170803122714.0 |
| 008 |
070903s2005 bl 000 por |
| 040 |
|
|
|a UAHC_CL
|c UAHC_CL
|d UAHC_CL
|
| 100 |
1 |
|
|a Fernandes De Sousa Neto, Manoel
|
| 245 |
1 |
0 |
|a O oficio, a oficina e a profissao :
|b reflexoes sobre o lugar social do profesor /
|c Manoel Fernandes De Sousa Neto.
|
| 300 |
|
|
|a p. 249-259
|
| 500 |
|
|
|a En: Cadernos CEDES, vol.25, no.66, 2005. pp. 249-259.ISSN 0718-090X.\También disponible en formato electrónico.
|
| 520 |
|
|
|a Este breve ensaio discute o papel social do professor buscando compreender a dimensão social e histórica da profissão, uma vez que articula a relação entre os ofícios que se executam e a dimensão pessoal e política das escolhas pela profissão de professor.
|
| 650 |
|
4 |
|a PROFESORES
|
| 650 |
|
4 |
|a ASPECTOS SOCIALES
|
| 856 |
|
|
|u http://www.scielo.br/pdf/ccedes/v25n66/a07v2566.pdf
|3 Acceso electrónico al documento
|y Acceso electrónico al documento
|
| 900 |
|
|
|a CADERNOS CEDES-66/05
|
| 942 |
|
|
|c BK
|
| 999 |
|
|
|c 26726
|d 26726
|